The Sacred congregation of seminaries and universities of studies (Record no. 124769)
[ view plain ]
| 000 -LEADER | |
|---|---|
| fixed length control field | 00644nam a22001697a 4500 |
| 008 - FIXED-LENGTH DATA ELEMENTS--GENERAL INFORMATION | |
| fixed length control field | 160428b xxu||||| |||| 00| 0 eng d |
| 050 ## - LIBRARY OF CONGRESS CALL NUMBER | |
| Classification number | BX900.M345 |
| 100 ## - MAIN ENTRY--PERSONAL NAME | |
| Personal name | Markham, James J. |
| 9 (RLIN) | 24258 |
| 245 ## - TITLE STATEMENT | |
| Title | The Sacred congregation of seminaries and universities of studies |
| Statement of responsibility, etc | /Rev. James J. Markham |
| 260 ## - PUBLICATION, DISTRIBUTION, ETC. (IMPRINT) | |
| Place of publication, distribution, etc | Washington |
| Name of publisher, distributor, etc | Catholic University of America Press |
| Date of publication, distribution, etc | 1957 |
| 300 ## - PHYSICAL DESCRIPTION | |
| Extent | viii,184p. ; |
| Dimensions | 23cm. |
| 440 ## - SERIES STATEMENT/ADDED ENTRY--TITLE | |
| Title | The Catholic University of America Canon Law studies |
| Number of part/section of a work | 384 |
| 9 (RLIN) | 24259 |
| 500 ## - GENERAL NOTE | |
| General note | Thesis |
| 650 ## - SUBJECT ADDED ENTRY--TOPICAL TERM | |
| Topical term or geographic name as entry element | Catholic church |
| General subdivision | Congregation of seminaries |
| 9 (RLIN) | 24260 |
| 650 ## - SUBJECT ADDED ENTRY--TOPICAL TERM | |
| Topical term or geographic name as entry element | Catholic church |
| General subdivision | Seminaries |
| 9 (RLIN) | 24261 |
| 942 ## - ADDED ENTRY ELEMENTS (KOHA) | |
| Source of classification or shelving scheme | Library of Congress Classification |
| Item type | Monograph ( Printed materials) |
| Withdrawn status | Lost status | Source of classification or shelving scheme | Damaged status | Not for loan | Collection code | Home library | Current library | Shelving location | Date acquired | Total Checkouts | Full call number | Barcode | Date last seen | Price effective from | Koha item type |
|---|---|---|---|---|---|---|---|---|---|---|---|---|---|---|---|
| Library of Congress Classification | Main Collection | ARRUPE LIBRARY | ARRUPE LIBRARY | Main Collection | 28/04/2016 | BX900.M345 | 46500022184 | 22/11/2017 | 28/04/2016 | Monograph ( Printed materials) |